Piosenki zespołu Ich Troje - nagła śmierć - Statystyki

Ogólne statystyki
  • Ten quiz został rozwiązany 144 razy
  • Średni wynik to 6 z 8
Answers on the Grid
Answers color-coded by a green-red scale on the quiz's grid according to % correct below.
Zawsze z Tobą chciałbym być
Zawsze tam, gdzie Ty
Powiedz
Chłopaki nie płaczą
Babski świat
Biała armia
Lili
Razem, a jednak osobno
Jolka, Jolka pamiętasz
Tyle słońca w całym mieście
Tobą oddychać chcę
Prawo
Małomiasteczkowy
A wszystko to bo ciebie kocham
Tamta dziewczyna
Tango Straconych
 
Statystyki odpowiedzi
Odpowiedź % Poprawnych
Zawsze z Tobą chciałbym być
97%
A wszystko to bo ciebie kocham
87%
Powiedz
87%
Babski świat
83%
Razem, a jednak osobno
75%
Tobą oddychać chcę
71%
Tango Straconych
68%
Prawo
66%
Nie znaleziono quizów pasujących do podanych kryteriów
Rozkład punktacji
Procent ludzi z każdym wynikiem
Percentyl według liczby udzielonych odpowiedzi
Twoja historia wyników
Nie rozwiązałeś tego quizu